| 000 | 00909cab a2200217 4500 | ||
|---|---|---|---|
| 001 | L136265 | ||
| 008 | 070122n2006 000 0 eng u | ||
| 035 | _a(Sirsi) u136265 | ||
| 041 | 0 | _aeng | |
| 100 | 1 | _aMorley, Andrew | |
| 245 | 0 | 2 | _aA response to the RICS |
| 260 | _c2006 | ||
| 490 | 0 |
_aFacilities Management _vDecember 2006, 18-19(2) |
|
| 520 | _aDiscusses the RICS Code of Practice on Service Charges, and how the management practices of multi-let buildings will be affected. The code of practice may mean landlords face the possibility of losing service charge disputes if they are found to operate practices outside the code. | ||
| 590 | _aKA | ||
| 650 | 2 | 4 | _aRICS CODE OF PRACTICE ON SERVICE CHARGES |
| 650 | 2 | 4 | _aRICS TENANT SATISFACTION INDEX |
| 651 | 4 |
_aUnited Kingdom _y |
|
| 690 | _aPROPERTY-COMMERCIAL PROPERTY-COMMERCIAL LANDLORD AND TENANT-COMMERCIAL SERVICE CHARGES | ||
| 942 | _n0 | ||
| 999 |
_c78218 _d78218 |
||